Mestský dizajn s emóciou

Bibliographic Details
Main Author: Petránsky, Ľudovít, 1943-2021 (Author)
Format: Article
Language:Slovak
PhysicalDescription:Fotogr.
ISSN:1335-1230
Subjects:

MARC

LEADER 00000nab a2200000 a 4500
001 vtls010096440
003 SK-MaSNL
005 20260304012850.0
008 140328c2010 xo zr|p|||||||000 b|slo
015 |a SNBRB2010/05  |2 snkbucl 
038 |a SNKBUCL 
040 |a SNKBUCL  |b slo  |c SNKBUCL  |e AACR2 
041 0 |a slo  |b eng 
044 |a xo  |c SK 
080 |a 725.94:7.05  |x (437.3)  |2 2001 
080 |a 658.512.2  |x (437.3)  |2 2001 
100 1 |a Petránsky, Ľudovít,  |d 1943-2021  |4 aut  |9 92780 
245 1 0 |a Mestský dizajn s emóciou  |c Ľudo Petránsky 
300 |b Fotogr. 
546 |a Res. angl. 
610 2 7 |a mmcité (Zlín, Česko)  |x prezentácia  |2 snkbucl  |9 1293095 
650 0 7 |a priemyselný dizajn  |2 snkbucl  |9 766 
650 0 7 |a mestský mobiliár  |2 snkbucl  |9 344155 
650 0 7 |a dizajnérske štúdiá  |2 snkbucl  |9 1293096 
773 0 |t ASB  |g Roč. XVII, č. 4 (2010), s. 74-78  |x 1335-1230 
852 |a SNK  |b KIS3GCP 
999 |c 2573521  |d 2575451